स्वांतत्र्योत्तर गीति नाट्य-काव्य / (Record no. 113876)
[ view plain ]
| 000 -LEADER | |
|---|---|
| fixed length control field | 01136nam a22002537a 4500 |
| 005 - DATE AND TIME OF LATEST TRANSACTION | |
| control field | 20170124102959.0 |
| 010 ## - LIBRARY OF CONGRESS CONTROL NUMBER | |
| LC control number | B-073004 |
| 020 ## - INTERNATIONAL STANDARD BOOK NUMBER | |
| Terms of availability | 300.00 |
| International Standard Book Number | 8186747117 |
| 035 ## - SYSTEM CONTROL NUMBER | |
| System control number | B-073004 |
| 037 ## - SOURCE OF ACQUISITION | |
| Source of stock number/acquisition | Cen Lib/Ret |
| 040 ## - CATALOGING SOURCE | |
| Original cataloging agency | DPL |
| Language of cataloging | HN |
| 082 ## - DEWEY DECIMAL CLASSIFICATION NUMBER | |
| Classification number | 821.08 |
| Item number | प्रमिला |
| 100 ## - MAIN ENTRY--PERSONAL NAME | |
| Personal name | प्रमिला सिंह |
| 9 (RLIN) | 54243 |
| 245 ## - TITLE STATEMENT | |
| Title | स्वांतत्र्योत्तर गीति नाट्य-काव्य / |
| Statement of responsibility, etc | प्रमिला सिंह |
| 246 ## - VARYING FORM OF TITLE | |
| Title proper/short title | Swanttryottar geeti natye-kavye / |
| Remainder of title | by Pramila Singh |
| 260 ## - PUBLICATION, DISTRIBUTION, ETC. (IMPRINT) | |
| Name of publisher, distributor, etc | अनंग प्रकाशन |
| Date of publication, distribution, etc | 2001 |
| Place of publication, distribution, etc | दिल्ली |
| 270 ## - ADDRESS | |
| Address | बी-202, गली मन्दिर वाली, उत्तरी घोंडा |
| City | दिल्ली |
| Postal code | 110053 |
| 300 ## - PHYSICAL DESCRIPTION | |
| Extent | 264पृ. |
| Dimensions | 21सेमी (सजिल्द) |
| 650 ## - SUBJECT ADDED ENTRY--TOPICAL TERM | |
| Topical term or geographic name as entry element | हिन्दी -- साहित्य |
| 9 (RLIN) | 54244 |
| 650 ## - SUBJECT ADDED ENTRY--TOPICAL TERM | |
| Topical term or geographic name as entry element | हिन्दी -- नाट्य-काव्य |
| 9 (RLIN) | 54246 |
| 650 ## - SUBJECT ADDED ENTRY--TOPICAL TERM | |
| Topical term or geographic name as entry element | Hindi -- Literature |
| 9 (RLIN) | 54248 |
| 650 ## - SUBJECT ADDED ENTRY--TOPICAL TERM | |
| Topical term or geographic name as entry element | Hindi - Theater-poetry |
| 9 (RLIN) | 54250 |
| 942 ## - ADDED ENTRY ELEMENTS (KOHA) | |
| Source of classification or shelving scheme | Dewey Decimal Classification |
| Koha item type | Hindi Books |
| Classification part | 821.08 |
| Call number suffix | प्रमिला |
| Withdrawn status | Lost status | Damaged status | Not for loan | Home library | Current library | Date acquired | Source of acquisition | Cost, normal purchase price | Total Checkouts | Full call number | Barcode | Date last seen | Copy number | Cost, replacement price | Price effective from | Koha item type | Source of classification or shelving scheme | Collection code |
|---|---|---|---|---|---|---|---|---|---|---|---|---|---|---|---|---|---|---|
| Central Library | Central Library | 13/08/2015 | Cen Lib/Ret | 300.00 | 821.08 प्रमिला | B-073004 | 13/08/2015 | 1 | 300.00 | 13/08/2015 | Hindi Books | |||||||
| Sarojini Nagar | Sarojini Nagar | 18/10/2021 | 821.08 प्रमिला | B-073005 | 18/10/2021 | 300.00 | 18/10/2021 | Hindi Books | Dewey Decimal Classification | Non-fiction |
